000 00600nam a2200193 i 4500
001 111874
003 ES-MaACL
005 20230906185358.0
007 t|
008 061121s1962 sp r ||||1| spa d
080 _a621.744(02)
100 1 _aNaumann, Fritz.
_985012
245 1 0 _aTrabajos del moldeador de fundición /
_cFritz Naumann ; versión por Gerardo Schlimper.
260 _aBarcelona [etc.] :
_bJosé Montesó,
_c1962.
300 _a104 p. :
_bil ;
_c22 cm.
650 4 _aMoldeo (Fundición)
_9150904
700 1 _aSchlimper, Gerardo.
_9104424
852 _aES-MaACL
_jC-21903
_bR.50119
999 _c111874
_d111874